| 000 | 00508nam a2200193 a 4500 | ||
|---|---|---|---|
| 001 | BRCA_2274 | ||
| 005 | 20190320203735.0 | ||
| 008 | 930626s1989 nyua---###---#000-0# -d | ||
| 020 | _a0831791241 | ||
| 041 | _aeng | ||
| 050 | 4 |
_aND653.G6 _b.W44 1989 |
|
| 100 | 1 |
_aWheldon, Keith _96814 |
|
| 245 | 1 | 0 | _aVan Gogh. |
| 260 |
_aNew York _bBrompton _c1989 |
||
| 300 |
_a192 p. _bil. (algunas a color) _c37 cm. |
||
| 600 | 1 | 4 |
_aGogh, Vincent van _d1853-1890 _96815 |
| 653 | 0 | _aPintores holandeses | |
| 942 |
_2lcc _cB |
||
| 999 |
_c2020 _d2020 |
||